Horror Video Games by Screenshot - Statistics

General Stats
  • This quiz has been taken 502 times
  • The average score is 7 of 20
Answer Stats
Picture Answer % Correct
Slender: The Eight Pages
83%
Alien: Isolation
80%
Resident Evil 7: Biohazard
80%
Silent Hill 4: The Room
76%
Dead Space
64%
Amnesia: The Dark Descent
57%
Fatal Frame II: Crimson Butterfly
34%
The Evil Within
29%
Clock Tower
27%
Ao Oni
23%
Alone in the Dark
22%
Yume Nikki
16%
Corpse Party
15%
Mad Father
12%
Siren
12%
Haunting Ground
11%
Sweet Home
7%
Dark Seed
4%
3D Monster Maze
3%
Yomawari: Midnight Shadows
1%
No matching quizzes found
Score Distribution
Percent of People with Each Score
Percentile by Number Answered
Your Score History
You have not taken this quiz